How Did These U.S Presidents Die? - Statistics

General Stats
  • This quiz has been taken 81 times
  • The average score is 7 of 10
Answer Stats
Question Answer % Correct
Abraham Lincoln Assasinated
100%
Theodore Roosevelt Natural Causes
100%
William McKinley Assasinated
83%
Andrew Jackson Heart Failure
83%
George Washington Infection
83%
Franklin Roosevelt Stroke
67%
Ronald Reagan Disease
50%
Herbert Hoover Internal Bleeding
50%
George H. W. Bush Disease
33%
Thomas Jefferson Infection
33%
No matching quizzes found
Score Distribution
Percent of People with Each Score
Percentile by Number Answered
Your Score History
You have not taken this quiz